000 00601nam a2200217 a 4500
001 11560
003 CO-ViMGA
008 141112s2004 ck r 000 u spa d
020 _a9586121461
040 _aCO-ViMGA
_bspa
_cCO-ViMGA
082 0 4 _aCo861.6 B8711
100 1 _aBurgos López, Campo Ricardo
_916089
245 1 0 _aLibro que contiene tres miradas
250 _a1
260 _aSantafé de Bogotá,
_ccolcultura,
_c1993
300 _a72 p.
490 _aPremios nacionales 93 - poesia triaequo
650 1 4 _aMIRADA - POESIA
_916090
650 1 4 _aPOESIA COLOMBIANA
_91069
942 _2ddc
_cBK
999 _c22755
_d22755